|
|
|
|
| LEADER |
01030nam a2200265 u 4500 |
| 001 |
10026078 |
| 003 |
upatras |
| 005 |
20210117205930.0 |
| 008 |
980616s1973 us eng |
| 020 |
|
|
|a 0226039196
|q (Χαρτόδετο)
|
| 040 |
|
|
|a GR-PaULI
|c GR-PaULI
|
| 041 |
0 |
|
|a eng
|
| 082 |
0 |
4 |
|a 551.6353
|
| 100 |
1 |
|
|a Battan, Louis J.
|9 126327
|
| 245 |
1 |
0 |
|a Radar observation of the atmosphere
|c Louis J. Battan
|
| 260 |
|
|
|a Chicago
|b The University of Chicago Press
|c 1973
|
| 300 |
|
|
|a x, 324 p.
|b fig., tab.
|c 24 cm
|
| 505 |
1 |
|
|a Includes appendix, references, index
|
| 650 |
|
4 |
|a Κλιματολογία
|9 2073
|
| 650 |
|
4 |
|a Μετεωρολογία
|x Ραντάρ
|9 150141
|
| 650 |
|
4 |
|a Πρόγνωση καιρού
|9 4500
|
| 852 |
|
|
|a GR-PaULI
|b ΠΑΤΡΑ
|b ΦΥΣΙΚΟ
|k ΑΕΧ-1
|h 551.6353 BAT
|m 02672
|p 025000022468
|t 1
|
| 942 |
|
|
|2 ddc
|c BK15
|
| 952 |
|
|
|0 0
|1 0
|4 0
|6 551_635300000000000_BAT
|7 0
|9 196059
|a PHYS
|b PHYS
|d 2016-04-24
|i 02672
|l 0
|o 551.6353 BAT
|p 025000022468
|r 2016-04-24 00:00:00
|t 1
|w 2016-04-24
|y BK15
|
| 999 |
|
|
|c 120298
|d 120298
|